000 00252nam a2200109Ia 4500
008 190902s9999||||xx |||||||||||||| ||und||
100 _aShamshad Fakir
245 0 _aBaadobaran
260 _aLahore
_bKamal Haq Siddiqui
_c2003
300 _a216
942 _cBK
999 _c2921
_d2921